[Event "Rio de Janeiro Primavera op"]
[Site "Rio de Janeiro"]
[Date "2015.11.07"]
[Round "1"]
[White "Farias, Jose Carlos Mesquit"]
[Black "Tiomno, Luiz Sergio"]
[Result "1/2-1/2"]
[WhiteElo "2023"]
[BlackElo "1553"]
[PlyCount "102"]
[EventDate "2015.11.07"]
[EventType "swiss"]
[EventRounds "6"]
[EventCountry "BRA"]
[SourceTitle "CBM 169 Extra"]
[Source "ChessBase"]
[SourceDate "2015.12.18"]
[SourceVersion "1"]
[SourceVersionDate "2015.12.18"]
[SourceQuality "1"]

1. e4 e5 2. Nf3 d6 3. d4 exd4 4. Nxd4 Be7 5. Nc3 Nf6 6. Bc4 Bg4 7. Qd3 Bh5 8. Bd2 Bg6 9. Nf5 0-0 10. 0-0-0 Nc6 11. f4 Na5 12. Nxe7+ Qxe7 13. f5 Bh5 14. Rde1 Ng4 15. Nd5 Qd8 16. Bxa5 Ne5 17. Qf1 b6 18. Bc3 Kh8 19. h3 f6 20. Nf4 Bf7 21. Bxf7 Rxf7 22. Bxe5 dxe5 23. Rd1 Qe8 24. Qc4 exf4 25. Rhf1 Re7 26. Rxf4 Rd8 27. Rxd8 Qxd8 28. Rf3 h6 29. Rd3 Qe8 30. Rd4 c5 31. Rd1 Rxe4 32. Qa6 Re1 33. Qd3 Rxd1+ 34. Kxd1 Qe5 35. c3 Qf4 36. g4 Qa4+ 37. Kc1 Qxa2 38. Qd8+ Qg8 39. Qc7 Qa8 40. Qh2 a5 41. Qe2 Qb8 42. Kc2 Qc8 43. Qb5 Qb8 44. Qc6 Kg8 45. Kb3 Qd8 46. Qe6+ Kf8 47. Qc6 Qb8 48. Qd5 Qa7 49. Qd6+ Kg8 50. Qc6 Qf7+ 51. Kc2 Qa7 1/2-1/2

[Event "Botafogo Fexerj op"]
[Site "Botafogo"]
[Date "2015.01.25"]
[Round "5"]
[White "Fucs, Paulo Moses"]
[Black "Farias, Jose Carlos Mesquit"]
[Result "1-0"]
[WhiteElo "2207"]
[BlackElo "1999"]
[PlyCount "73"]
[EventDate "2015.01.23"]
[EventType "swiss"]
[EventRounds "6"]
[EventCountry "BRA"]
[SourceTitle "CBM 164 Extra"]
[Source "ChessBase"]
[SourceDate "2015.03.02"]
[SourceVersion "1"]
[SourceVersionDate "2015.03.02"]
[SourceQuality "1"]

1. e4 e5 2. Nf3 Nc6 3. Bb5 a6 4. Ba4 Nf6 5. d3 b5 6. Bb3 d6 7. c3 Be7 8. Nbd2 0-0 9. Nf1 h6 10. Ng3 Nb8 11. a4 c6 12. 0-0 Re8 13. Qe2 Bf8 14. h3 g6 15. Nh2 Bg7 16. f4 exf4 17. Bxf4 Be6 18. Bxe6 fxe6 19. Bxd6 Qxd6 20. e5 Qe7 21. exf6 Bxf6 22. axb5 cxb5 23. Qe4 Qa7+ 24. Kh1 Kg7 25. Rf3 Nd7 26. Raf1 Re7 27. Ng4 Rf8 28. d4 Rff7 29. Qd3 h5 30. Nf2 b4 31. Nfe4 bxc3 32. bxc3 a5 33. Nd6 Rf8 34. Qc4 Nb6 35. Qb5 a4 36. Nxh5+ gxh5 37. Qxh5 1-0

[Event "Rio de Janeiro-ch op"]
[Site "Rio de Janeiro"]
[Date "2011.07.17"]
[Round "6"]
[White "Rangel, Daniel"]
[Black "Farias, Jose Carlos Mesquit"]
[Result "1-0"]
[WhiteElo "2107"]
[BlackElo "2024"]
[PlyCount "57"]
[EventDate "2011.07.15"]
[EventType "swiss"]
[EventRounds "6"]
[EventCountry "BRA"]
[SourceTitle "CBM 143 Extra"]
[Source "ChessBase"]
[SourceDate "2011.08.29"]
[SourceVersion "1"]
[SourceVersionDate "2011.08.29"]
[SourceQuality "1"]

1. e4 e5 2. d4 exd4 3. Qxd4 Nc6 4. Qe3 Nf6 5. Nc3 d6 6. Bd2 Be7 7. 0-0-0 0-0 8. Bc4 Ne5 9. Bb3 Be6 10. Bxe6 fxe6 11. Qe2 c6 12. f4 Ned7 13. g4 b5 14. g5 Ne8 15. Qg4 Nc7 16. Nf3 b4 17. Ne2 c5 18. f5 exf5 19. exf5 Kh8 20. Nf4 Kg8 21. Nh5 Rf7 22. f6 Bf8 23. g6 hxg6 24. Qxg6 Rxf6 25. Nxf6+ Qxf6 26. Qg4 Qf7 27. Kb1 Nb5 28. Ng5 Ne5 29. Qe4 1-0

[Event "Rio de Janeiro IRT Alex 35th"]
[Site "Rio de Janeiro"]
[Date "2009.12.19"]
[Round "5"]
[White "Farias, Jose Carlos Mesquit"]
[Black "Rabello, David Sousa"]
[Result "1-0"]
[WhiteElo "2012"]
[BlackElo "1976"]
[PlyCount "115"]
[EventDate "2009.12.16"]
[EventType "swiss"]
[EventRounds "6"]
[EventCountry "BRA"]
[SourceTitle "CBM 133 Extra"]
[Source "ChessBase"]
[SourceDate "2010.01.05"]
[SourceVersion "1"]
[SourceVersionDate "2010.01.05"]
[SourceQuality "1"]

1. e4 c5 2. Nf3 g6 3. d4 cxd4 4. Nxd4 Bg7 5. Nc3 Nc6 6. Be3 Nf6 7. Nxc6 bxc6 8. e5 Nd5 9. Nxd5 cxd5 10. Qxd5 Rb8 11. Bc4 0-0 12. 0-0 Qc7 13. f4 Bb7 14. Qd3 Qc6 15. Rf2 Rbc8 16. Bb5 Qc7 17. Qxd7 Qb8 18. Qxe7 Be4 19. c4 a5 20. Qa7 Qxa7 21. Bxa7 Bd3 22. b3 f6 23. Rd1 Bf5 24. exf6 Bxf6 25. Bb6 Bc3 26. c5 Bb4 27. c6 Rb8 28. Bc4+ Kg7 29. Bd4+ Kh6 30. h3 Rbd8 31. g4 Rxd4 32. Rxd4 Bc8 33. Rd5 Kg7 34. f5 gxf5 35. gxf5 Rf6 36. c7 Bb7 37. Rd7+ Kh6 38. Kf1 Bc5 39. Be6 Bxf2 40. Kxf2 Bc8 41. Ke3 Kg5 42. Ke4 Rh6 43. Ke5 Rxh3 44. Rd8 Ba6 45. c8Q Bxc8 46. Rxc8 Rh1 47. Rc5 Re1+ 48. Kd6 Kf6 49. Rxa5 h5 50. Ra4 Rd1+ 51. Kc5 Rh1 52. Bd7 h4 53. Ra6+ Ke7 54. Bb5 h3 55. f6+ Kd8 56. Rd6+ Kc7 57. f7 Rc1+ 58. Bc4 1-0

[Event "Naval CC 46th"]
[Site "Brazil"]
[Date "1997.??.??"]
[Round "7"]
[White "Guimaraes, Wagner Peixoto"]
[Black "Farias, Jose Carlos Mesquit"]
[Result "1-0"]
[WhiteElo "2260"]
[BlackElo "2000"]
[PlyCount "47"]
[EventDate "1997.??.??"]
[EventType "swiss"]
[EventRounds "7"]
[EventCountry "BRA"]
[SourceTitle "EXT 2005"]
[Source "ChessBase"]
[SourceDate "2004.11.15"]
[SourceVersion "1"]
[SourceVersionDate "2004.11.15"]
[SourceQuality "1"]

1. e4 e5 2. Nf3 Nc6 3. Bb5 a6 4. Ba4 Nf6 5. d4 exd4 6. 0-0 Be7 7. e5 Ne4 8. Nxd4 Nxd4 9. Qxd4 Nc5 10. Qg4 Nxa4 11. Qxg7 Rf8 12. Bh6 Nc5 13. Qxh7 d5 14. exd6 Qxd6 15. Bxf8 Bxf8 16. Nc3 Be6 17. Rad1 Qc6 18. f4 Rd8 19. Rde1 Rd2 20. Rf3 Kd7 21. Qg8 Be7 22. f5 Bd5 23. f6 Rxg2+ 24. Qxg2 1-0